000 00718nam a2200253Ia 4500
003 OSt
005 20220927110411.0
006 a|||||r|||| 00| 0
007 ta
008 220926b |||||||| |||| 00| 0 eng d
024 _a45616
037 _cReports
040 _aRTL
_cRTL
_beng
041 _2eng
_aeng
082 _a"X:8J.2792r, GD"
110 _aTripura Government of.... comptroller and Auditor General
_9377708
245 0 _aReport
260 _aAgartala
_bGovt Press India
_c1998
300 _a155p.
_ccm.
650 _aAudit
_9353217
700 _aTripura Government of.... comptroller and Auditor General
_9377709
942 _h"X:8J.2792r, GD"
_cCC
999 _c696397
_d696397